000 00232nam a2200097 a 4500
005 20200930073855.0
008 111019s1973 000 spa d
245 0 _a¿Qué es la ciencia?
260 _aMéxico,
_c1973.
999 _c34229
_d34229
040 _aDO-SdBNP